00432pam a2200145 a 4500020001300000040002400013041001300037082001500050100002300065245009100088260003600179300001400215365001300229653004400242 c10465.00 aMedical College Lib aENGhENG a616.2bNOT aNotter, Robert H.. aLung Injury Mechanisms, Pathophysiology, and Therapy Vol - 196 / chTextual Documents a : bTaylor & Francis , c2005. a1446 ; c a10465.00 aTB And ChestaMedicineaMedical Science